[Event "TICF 2024"]
[Site "Famalicao"]
[Date "2024.07.27"]
[Round "7.1"]
[White "Vladislav, Larkin"]
[Black "Vladimir, Petkov"]
[Result "1-0"]
[BlackElo "2417"]
[WhiteElo "2436"]
[LiveChessVersion "1.4.8"]

1. d4 {[%clk 1:30:13]} Nf6 {[%clk 1:29:42]} 2. Bf4 {[%clk 1:30:26]} Nh5
{[%clk 1:29:09]} 3. Bg5 {[%clk 1:22:12]} h6 {[%clk 1:28:48]} 4. Bh4
{[%clk 1:22:23]} c5 {[%clk 1:28:52]} 5. e3 {[%clk 1:22:04]} g6 {[%clk 1:27:53]}
6. c3 {[%clk 1:21:31]} Qb6 {[%clk 1:23:35]} 7. Qb3 {[%clk 1:21:23]} d5
{[%clk 1:21:37]} 8. Be2 {[%clk 1:13:48]} Ng7 {[%clk 1:17:31]} 9. Bg3
{[%clk 1:09:46]} c4 {[%clk 1:13:42]} 10. Qxb6 {[%clk 1:10:01]} axb6
{[%clk 1:14:08]} 11. Bf3 {[%clk 1:05:35]} e6 {[%clk 1:10:58]} 12. e4
{[%clk 1:06:02]} dxe4 {[%clk 1:10:41]} 13. Bxe4 {[%clk 1:06:25]} Nd7
{[%clk 1:10:42]} 14. Nd2 {[%clk 1:06:07]} b5 {[%clk 1:10:49]} 15. Ngf3
{[%clk 1:04:02]} Nf5 {[%clk 1:10:07]} 16. O-O {[%clk 1:00:43]} Nxg3
{[%clk 1:07:15]} 17. hxg3 {[%clk 1:00:59]} Nb6 {[%clk 1:00:51]} 18. Ne5
{[%clk 0:52:17]} Bd6 {[%clk 0:59:35]} 19. f4 {[%clk 0:52:02]} f5 {[%clk 0:54:21]}
20. Bf3 {[%clk 0:49:15]} Bxe5 {[%clk 0:53:58]} 21. fxe5 {[%clk 0:47:05]} Rh7
{[%clk 0:50:15]} 22. g4 {[%clk 0:47:09]} Kd8 {[%clk 0:50:03]} 23. Kh2
{[%clk 0:44:12]} Kc7 {[%clk 0:44:53]} 24. gxf5 {[%clk 0:44:28]} gxf5
{[%clk 0:45:00]} 25. g4 {[%clk 0:44:44]} fxg4 {[%clk 0:36:09]} 26. Bxg4
{[%clk 0:45:01]} Nd5 {[%clk 0:36:17]} 27. Rf3 {[%clk 0:45:12]} Bd7
{[%clk 0:36:12]} 28. a3 {[%clk 0:44:32]} Rg8 {[%clk 0:36:00]} 29. Bh3
{[%clk 0:44:54]} Rg6 {[%clk 0:33:57]} 30. Ne4 {[%clk 0:43:31]} Rhg7
{[%clk 0:33:05]} 31. Raf1 {[%clk 0:42:57]} b6 {[%clk 0:21:48]} 32. Nd6
{[%clk 0:29:12]} Bc6 {[%clk 0:18:23]} 33. Rf7+ {[%clk 0:24:40]} Rxf7
{[%clk 0:18:23]} 34. Rxf7+ {[%clk 0:25:05]} Kd8 {[%clk 0:18:12]} 35. Bg2
{[%clk 0:22:46]} h5 {[%clk 0:16:58]} 36. Bf3 {[%clk 0:22:39]} h4 {[%clk 0:17:07]}
37. Kh3 {[%clk 0:22:15]} Rg1 {[%clk 0:15:58]} 38. Kxh4 {[%clk 0:22:26]} Rb1
{[%clk 0:16:06]} 39. Bxd5 {[%clk 0:22:13]} Bxd5 {[%clk 0:16:01]} 40. Rf2
{[%clk 0:21:50]} Bc6 {[%clk 0:13:09]} 41. Kg5 {[%clk 0:22:14]} Ke7
{[%clk 0:13:21]} 42. Rf7+ {[%clk 0:09:56]} Kd8 {[%clk 0:13:45]} 43. Kf6
{[%clk 0:10:21]} Bd5 {[%clk 0:14:11]} 44. Nxb5 {[%clk 0:10:04]} Rxb2
{[%clk 0:13:01]} 45. a4 {[%clk 0:10:30]} Rf2+ {[%clk 0:11:04]} 46. Kg7
{[%clk 0:10:54]} Rg2+ {[%clk 0:11:30]} 47. Kf8 {[%clk 0:11:11]} Bc6
{[%clk 0:11:39]} 48. Nc7 {[%clk 0:07:03]} Bd7 {[%clk 0:11:44]} 49. d5
{[%clk 0:06:47]} exd5 {[%clk 0:11:35]} 50. e6 {[%clk 0:06:44]} Bxa4
{[%clk 0:10:48]} 51. Nxd5 {[%clk 0:06:44]} Bc6 {[%clk 0:09:36]} 52. Nxb6
{[%clk 0:06:59]} 1-0

[Event "TICF 2024"]
[Site "Famalicao"]
[Date "2024.07.27"]
[Round "7.2"]
[White "Fier, Alexandr"]
[Black "Gustavo, Ribeiro"]
[Result "1-0"]
[BlackElo "2256"]
[WhiteElo "2587"]
[LiveChessVersion "1.4.8"]

1. d4 {[%clk 1:30:57]} Nf6 {[%clk 1:30:54]} 2. c4 {[%clk 1:31:22]} a6
{[%clk 1:31:22]} 3. Nc3 {[%clk 1:31:06]} c5 {[%clk 1:31:46]} 4. Nf3
{[%clk 1:31:15]} cxd4 {[%clk 1:31:49]} 5. Nxd4 {[%clk 1:31:41]} d5
{[%clk 1:30:03]} 6. cxd5 {[%clk 1:29:39]} Nxd5 {[%clk 1:30:02]} 7. Bd2
{[%clk 1:30:01]} e5 {[%clk 1:27:49]} 8. Nc2 {[%clk 1:28:50]} Nxc3
{[%clk 1:27:17]} 9. Bxc3 {[%clk 1:29:09]} Qxd1+ {[%clk 1:27:39]} 10. Rxd1
{[%clk 1:29:35]} Nc6 {[%clk 1:27:52]} 11. g3 {[%clk 1:29:33]} Be6
{[%clk 1:27:25]} 12. a3 {[%clk 1:29:30]} Bc5 {[%clk 1:24:31]} 13. Bg2
{[%clk 1:29:44]} f6 {[%clk 1:24:33]} 14. O-O {[%clk 1:26:01]} Kf7
{[%clk 1:23:34]} 15. Nb4 {[%clk 1:18:42]} Bxb4 {[%clk 1:17:41]} 16. axb4
{[%clk 1:19:04]} Rad8 {[%clk 1:17:41]} 17. f4 {[%clk 1:19:26]} exf4
{[%clk 1:16:34]} 18. gxf4 {[%clk 1:19:52]} Bc4 {[%clk 1:16:27]} 19. Kf2
{[%clk 1:20:15]} Rxd1 {[%clk 1:15:46]} 20. Rxd1 {[%clk 1:20:42]} Rd8
{[%clk 1:16:07]} 21. Rc1 {[%clk 1:20:10]} Bd5 {[%clk 1:14:48]} 22. e4
{[%clk 1:20:34]} Be6 {[%clk 1:15:07]} 23. Bf1 {[%clk 1:19:37]} Na7
{[%clk 1:14:48]} 24. f5 {[%clk 1:14:41]} Bb3 {[%clk 1:14:06]} 25. Ke3
{[%clk 1:11:58]} Rc8 {[%clk 1:12:50]} 26. h4 {[%clk 0:55:18]} Nb5
{[%clk 1:08:36]} 27. Bxb5 {[%clk 0:55:44]} axb5 {[%clk 1:09:02]} 28. h5
{[%clk 0:56:12]} Re8 {[%clk 1:02:25]} 29. Kf4 {[%clk 0:54:35]} Rd8
{[%clk 0:48:40]} 30. Be1 {[%clk 0:54:19]} Rd7 {[%clk 0:48:32]} 31. Rc8
{[%clk 0:52:19]} h6 {[%clk 0:47:57]} 32. Bf2 {[%clk 0:52:05]} Re7
{[%clk 0:47:46]} 33. Bc5 {[%clk 0:52:30]} Re8 {[%clk 0:48:12]} 34. Rc7+
{[%clk 0:52:57]} Kg8 {[%clk 0:48:39]} 35. Bd6 {[%clk 0:49:44]} Bf7
{[%clk 0:45:31]} 36. Rxb7 {[%clk 0:47:32]} Bxh5 {[%clk 0:45:44]} 37. Rxb5
{[%clk 0:48:00]} g5+ {[%clk 0:43:00]} 38. Ke3 {[%clk 0:47:41]} Bf7
{[%clk 0:42:12]} 39. Rc5 {[%clk 0:43:36]} 1-0

[Event "TICF 2024"]
[Site "Famalicao"]
[Date "2024.07.27"]
[Round "7.3"]
[White "Yaniela, Forgas Moreno"]
[Black "Lelys, Martinez Duany"]
[Result "0-1"]
[BlackElo "2448"]
[WhiteElo "2234"]
[LiveChessVersion "1.4.8"]

1. e4 e5 2. Nf3 Nc6 3. Bc4 Nf6 4. d3 h6 5. c3 d6 6. O-O g6 7. d4 Qe7 8. h3 Bg7 9.
Re1 O-O 10. Be3 Kh7 11. Nbd2 b6 12. Nf1 Bb7 13. Ng3 Nb8 14. Nd2 Nbd7 15. f4 c5
16. fxe5 dxe5 17. d5 Ne8 18. Rf1 Nd6 19. Bd3 Nf6 20. Qe2 Bc8 21. Rf2 Bd7 22. Raf1
Rh8 23. Nc4 Nfe8 24. Nxd6 Nxd6 25. c4 Raf8 26. Kh2 f6 27. a3 Rf7 28. b4 Nb7 29.
Qd2 Rc8 30. Ne2 h5 31. Nc1 Rff8 32. Nb3 Ba4 33. Qb2 cxb4 34. axb4 Qxb4 35. Rb1
Bxb3 36. Qxb3 Qxb3 37. Rxb3 Bh6 38. Bxh6 Kxh6 39. Ra3 Nc5 40. Bb1 Rc7 41. h4 Kg7
42. g4 hxg4 43. Kg3 Kh6 44. Kxg4 Rcf7 45. Raf3 Nb7 46. c5 Nxc5 0-1

[Event "TICF 2024"]
[Site "Famalicao"]
[Date "2024.07.27"]
[Round "7.4"]
[White "Tomas, Santos"]
[Black "Antonio, Pereira Santos"]
[Result "0-1"]
[BlackElo "2158"]
[WhiteElo "1949"]
[LiveChessVersion "1.4.8"]

1. e4 {[%clk 1:30:56]} c5 {[%clk 1:30:50]} 2. Nf3 {[%clk 1:31:19]} Nc6
{[%clk 1:31:12]} 3. d4 {[%clk 1:31:42]} cxd4 {[%clk 1:31:33]} 4. Nxd4
{[%clk 1:32:04]} e6 {[%clk 1:31:52]} 5. Nc3 {[%clk 1:32:23]} Qc7 {[%clk 1:32:11]}
6. Be3 {[%clk 1:32:43]} a6 {[%clk 1:32:29]} 7. Qf3 {[%clk 1:33:06]} Nf6
{[%clk 1:14:10]} 8. O-O-O {[%clk 1:33:10]} Ne5 {[%clk 1:12:53]} 9. Qg3
{[%clk 1:33:03]} b5 {[%clk 1:12:37]} 10. f4 {[%clk 1:32:44]} Neg4
{[%clk 0:45:06]} 11. Bg1 {[%clk 1:32:58]} b4 {[%clk 0:44:15]} 12. Na4
{[%clk 1:32:58]} h5 {[%clk 0:44:10]} 13. e5 {[%clk 1:31:48]} Ne4 {[%clk 0:34:52]}
14. Qe1 {[%clk 1:30:43]} Bb7 {[%clk 0:35:13]} 15. h3 {[%clk 1:30:41]} Nh6
{[%clk 0:34:56]} 16. Nb3 {[%clk 1:23:00]} d5 {[%clk 0:21:46]} 17. Bd3
{[%clk 1:21:27]} Be7 {[%clk 0:20:11]} 18. Bxe4 {[%clk 1:19:32]} dxe4
{[%clk 0:20:39]} 19. Bc5 {[%clk 1:19:33]} a5 {[%clk 0:14:51]} 20. Bxe7
{[%clk 1:18:34]} Qxe7 {[%clk 0:15:19]} 21. Nac5 {[%clk 1:17:12]} Bd5
{[%clk 0:13:38]} 22. Nxe4 {[%clk 1:16:54]} O-O {[%clk 0:13:42]} 23. Nbc5
{[%clk 1:11:30]} Rfc8 {[%clk 0:11:11]} 24. Qf2 {[%clk 1:10:38]} a4
{[%clk 0:10:59]} 25. Kb1 {[%clk 1:09:17]} Ra5 {[%clk 0:09:43]} 26. Rhg1
{[%clk 1:06:08]} Raxc5 {[%clk 0:09:52]} 27. Nxc5 {[%clk 1:06:23]} Qxc5
{[%clk 0:10:05]} 28. Qxc5 {[%clk 1:06:41]} Rxc5 {[%clk 0:10:33]} 29. Rd4
{[%clk 1:06:50]} b3 {[%clk 0:10:23]} 30. cxb3 {[%clk 1:06:27]} axb3
{[%clk 0:10:51]} 31. axb3 {[%clk 1:06:49]} Nf5 {[%clk 0:10:47]} 32. Rb4
{[%clk 1:06:26]} h4 {[%clk 0:11:05]} 33. Rb8+ {[%clk 1:06:13]} Kh7
{[%clk 0:11:33]} 34. b4 {[%clk 1:06:31]} Rc4 {[%clk 0:10:01]} 35. b3
{[%clk 1:03:01]} Rc3 {[%clk 0:10:04]} 36. b5 {[%clk 1:02:42]} Rxb3+
{[%clk 0:10:32]} 37. Ka1 {[%clk 1:02:48]} Nd4 {[%clk 0:10:22]} 0-1

[Event "TICF 2024"]
[Site "Famalicao"]
[Date "2024.07.27"]
[Round "7.5"]
[White "Kevin, Spraggett"]
[Black "Daniel, Campora"]
[Result "0-1"]
[BlackElo "2351"]
[WhiteElo "2440"]
[LiveChessVersion "1.4.8"]

1. e4 e5 2. Nf3 Nc6 3. Bc4 Be7 4. O-O Nf6 5. d3 O-O 6. Re1 d6 7. a4 Na5 8. Ba2 c5
9. Nbd2 Be6 10. Bxe6 fxe6 11. Nf1 h6 12. h3 Rf7 13. Bd2 Nc6 14. c3 Qd7 15. N1h2
Raf8 16. Be3 d5 17. exd5 exd5 18. d4 e4 19. Ne5 Nxe5 20. dxe5 Nh7 21. Qg4 Qxg4
22. hxg4 Rd8 23. Rad1 Nf8 24. f3 exf3 25. Nxf3 Ne6 26. Rd2 Bg5 27. Nxg5 hxg5 28.
Red1 Rfd7 29. Rf2 d4 30. cxd4 cxd4 31. Bd2 Rc8 32. Rf3 Rc5 33. Rf5 Rc2 34. b4 Ra2
35. a5 Rc7 36. Kf1 Rcc2 37. Ke1 Nf4 38. e6 Nxe6 39. g3 Ra3 40. Re5 Kf7 41. Rf5+
Ke8 42. Re5 Kd7 43. Rc1 Rxc1+ 44. Bxc1 Rxg3 45. Bxg5 Rxg4 46. Bd2 a6 47. b5 Kd6
48. Rh5 Re4+ 49. Kd1 Re5 50. Bb4+ Kd5 51. Rh8 axb5 52. Ke1 0-1

[Event "TICF 2024"]
[Site "Famalicao"]
[Date "2024.07.27"]
[Round "7.6"]
[White "Alex, Garrido Outon"]
[Black "Andre, Ventura Sousa"]
[Result "1-0"]
[BlackElo "2431"]
[WhiteElo "2403"]
[LiveChessVersion "1.4.8"]

1. e4 e5 2. Nf3 Nc6 3. Bb5 Nf6 4. d3 d6 5. c3 a6 6. Ba4 g6 7. Nbd2 Bg7 8. Nf1 O-O
9. Ng3 Bd7 10. O-O Re8 11. Re1 b5 12. Bc2 a5 13. h3 a4 14. d4 Na5 15. b3 axb3 16.
axb3 Nc6 17. Rxa8 Qxa8 18. Bg5 h6 19. Be3 Qa2 20. Bd3 Na5 21. Nd2 b4 22. cxb4
exd4 23. Bxd4 Nc6 24. Bc3 Nh5 25. Qc1 Nxg3 26. Bxg7 Kxg7 27. Qc3+ Kg8 28. Ra1
Qxa1+ 29. Qxa1 Nxb4 30. Bc4 Nxe4 31. Nxe4 Rxe4 32. Qa8+ Re8 33. Qb7 d5 34. Bf1
Na2 35. Qa7 Re1 36. Qxc7 Be6 37. Qa5 Ra1 38. Qd2 Bd7 39. Qd4 Rb1 40. Qxd5 Bf5 41.
g4 Bc2 42. Qa8+ Kg7 43. Qxa2 Bd3 44. Qxb1 Bxb1 45. b4 Kf6 46. b5 Ke5 47. b6 Kd6
48. Bg2 f5 49. gxf5 Bxf5 50. Kh2 g5 51. Kg3 Bd7 52. b7 Kc7 53. Kh2 Be6 54. Kg3
Bd7 55. Be4 Be6 56. Kg2 Bd7 57. Bd5 Bf5 58. Kg3 Bd7 59. h4 Bf5 60. Bg2 Be6 61.
Be4 Bd7 62. Bd5 Bf5 63. Bh1 Bd7 64. Be4 Be6 65. f4 gxf4+ 66. Kxf4 Bf7 67. Bf3 Be8
68. Kf5 Bf7 69. Kf6 Be8 70. Kg7 h5 71. Kh6 Bf7 72. Kg5 Be8 73. Bxh5 Bc6 74. Bg6
Bf3 75. Kf4 Bxb7 76. h5 Bd5 77. h6 Bg8 78. Ke5 Kd7 79. Kf6 Bh7 80. Bxh7 Ke8 81.
Kg7 1-0

[Event "TICF 2024"]
[Site "Famalicao"]
[Date "2024.07.27"]
[Round "7.7"]
[White "Cristian, Silva Lucena"]
[Black "Ribeiro, Orlando"]
[Result "1/2-1/2"]
[BlackElo "2001"]
[WhiteElo "2346"]
[LiveChessVersion "1.4.8"]

1. e4 c5 2. Nf3 d6 3. d4 cxd4 4. Nxd4 Nf6 5. Nc3 g6 6. Be3 Bg7 7. f3 Nc6 8. Qd2
O-O 9. O-O-O d5 10. Nxc6 bxc6 11. Bh6 Qa5 12. Bxg7 Kxg7 13. Qg5 Rb8 14. Qe5 Qb4
15. b3 Qa3+ 16. Kb1 Be6 17. exd5 cxd5 18. Nb5 Qc5 19. Nd4 Rb6 20. g4 Qd6 21. Qe3
Bd7 22. Re1 e5 23. Ne2 d4 24. Qd2 Bc6 25. Bg2 Nxg4 26. fxg4 Bxg2 27. Rhg1 Bd5 28.
Rg3 f6 29. Rh3 Rf7 30. Ng3 Qa3 31. Ne2 a5 32. Nc1 a4 33. g5 axb3 34. cxb3 Qe7 35.
Ka1 f5 36. Qa5 Rd6 37. Qc5 Be4 38. Nd3 Bxd3 39. Rxe5 Qxg5 40. Rxd3 Qg1+ 41. Kb2
Qxh2+ 42. Kc1 Rdd7 43. Kd1 f4 44. Re2 Qg1+ 45. Kd2 f3 46. Qe5+ Rf6 47. Rxf3 Rdf7
48. Ref2 Qa1 49. Rxf6 Qc3+ 50. Kd1 Qa1+ 51. Kd2 Qc3+ 52. Kd1 Qa1+ 53. Kc2 d3+ 54.
Kxd3 Qxe5 55. Rxf7+ Kh6 56. a4 Qd5+ 57. Kc3 Kg5 58. R7f3 h5 59. Rg3+ Kh6 60. Rfg2
Qc6+ 61. Kd2 Qd5+ 62. Ke2 g5 63. Rxg5 Qxb3 64. a5 Qc2+ 65. Kf1 Qd1+ 66. Kf2 Qd2+
67. Kf3 Qd3+ 68. Kf4 Qd4+ 69. Kf5 Qd5+ 70. Kf6 Qd6+ 71. Kf7 Qd7+ 72. Kf8 Qd8+ 73.
Kf7 Qd7+ 74. Kf6 Qd6+ 75. Kf5 Qd5+ 76. Kf4 Qd4+ 77. Kf3 Qd3+ 78. Kf2 Qd2+ 79. Kg1
Qe1+ 80. Kh2 Qh4+ 81. Kg1 Qe1+ 82. Kh2 Qh4+ 83. Kg1 Qe1+ 84. Kh2 Qh4+ 1/2-1/2

[Event "TICF 2024"]
[Site "Famalicao"]
[Date "2024.07.27"]
[Round "7.8"]
[White "Jose, Monteiro"]
[Black "Jose, Garcia Molina"]
[Result "1/2-1/2"]
[BlackElo "2229"]
[WhiteElo "1926"]
[LiveChessVersion "1.4.8"]

1. e4 {[%clk 1:30:58]} c5 {[%clk 1:30:50]} 2. Nf3 {[%clk 1:31:22]} d6
{[%clk 1:31:14]} 3. d4 {[%clk 1:31:47]} cxd4 {[%clk 1:31:40]} 4. Nxd4
{[%clk 1:32:12]} Nf6 {[%clk 1:32:06]} 5. Nc3 {[%clk 1:32:34]} a6 {[%clk 1:31:14]}
6. Be2 {[%clk 1:32:20]} e5 {[%clk 1:31:38]} 7. Nb3 {[%clk 1:32:45]} Be7
{[%clk 1:32:03]} 8. O-O {[%clk 1:33:04]} O-O {[%clk 1:32:27]} 9. Be3
{[%clk 1:33:21]} Be6 {[%clk 1:32:51]} 10. f4 {[%clk 1:33:14]} exf4
{[%clk 1:32:46]} 11. Bxf4 {[%clk 1:33:35]} Nc6 {[%clk 1:32:58]} 12. Kh1
{[%clk 1:33:50]} Ne5 {[%clk 1:18:45]} 13. Nd4 {[%clk 1:31:41]} Rc8
{[%clk 1:19:00]} 14. Nxe6 {[%clk 1:31:04]} fxe6 {[%clk 1:19:24]} 15. Bxe5
{[%clk 1:31:26]} dxe5 {[%clk 1:19:51]} 16. Qxd8 {[%clk 1:31:49]} Rfxd8
{[%clk 1:20:16]} 17. Bd3 {[%clk 1:31:33]} Bc5 {[%clk 1:13:50]} 18. h3
{[%clk 1:24:49]} Kf7 {[%clk 1:09:27]} 19. Rf3 {[%clk 1:23:25]} Rc7
{[%clk 0:58:58]} 20. g4 {[%clk 1:21:12]} h6 {[%clk 0:58:00]} 21. Ne2
{[%clk 1:19:45]} Ke7 {[%clk 0:44:35]} 22. Raf1 {[%clk 1:19:14]} Rh8 1/2-1/2

[Event "TICF 2024"]
[Site "Famalicao"]
[Date "2024.07.27"]
[Round "7.9"]
[White "Goncalves, Samuel"]
[Black "Almeida, Joao"]
[Result "0-1"]
[BlackElo "2012"]
[WhiteElo "2209"]
[LiveChessVersion "1.4.8"]

1. Nf3 Nf6 2. g3 e6 3. Bg2 d5 4. O-O c5 5. d4 Nc6 6. c4 cxd4 7. Nxd4 Bc5 8. Nb3
Be7 9. cxd5 exd5 10. Nc3 Be6 11. Bg5 O-O 12. Bxf6 Bxf6 13. Nc5 Qe7 14. Nxe6 fxe6
15. Rc1 Rac8 16. Bh3 Kh8 17. Qa4 Qf7 18. Nb5 Be5 19. f4 Bb8 20. f5 Qh5 21. Qg4
Qxg4 22. Bxg4 exf5 23. Bxf5 Rcd8 24. Rcd1 a6 25. Nc3 d4 26. Ne4 g6 27. Bg4 Ne5
28. Bf3 d3 29. Kg2 Nc4 30. exd3 Ne3+ 31. Kf2 Nxf1 32. Rxf1 Rd6 33. d4 Rxd4 34.
Ke2 Rd3 35. Ng5 Rfd8 36. Ne4 R3d7 37. Rc1 Ba7 38. Ng5 Rd3 39. Kf1 Re3 40. Rc5 Rf8
41. Rc7 Rfxf3+ 42. Nxf3 Rxf3+ 43. Ke1 Bg1 44. Rc2 b6 45. Rg2 Bc5 0-1

[Event "TICF 2024"]
[Site "Famalicao"]
[Date "2024.07.27"]
[Round "7.10"]
[White "Fernando, Ribeiro"]
[Black "Redondo Arguelles, Graciela"]
[Result "1-0"]
[BlackElo "1996"]
[WhiteElo "2158"]
[LiveChessVersion "1.4.8"]

1. e4 {[%clk 1:29:09]} e6 {[%clk 1:30:49]} 2. d3 {[%clk 1:29:25]} d5
{[%clk 1:30:59]} 3. Nd2 {[%clk 1:29:45]} Nf6 {[%clk 1:30:41]} 4. Ngf3
{[%clk 1:29:54]} dxe4 {[%clk 1:28:50]} 5. dxe4 {[%clk 1:30:09]} Bc5
{[%clk 1:29:04]} 6. Be2 {[%clk 1:24:20]} Nc6 {[%clk 1:23:36]} 7. O-O
{[%clk 1:24:34]} O-O {[%clk 1:20:08]} 8. c3 {[%clk 1:24:52]} a5 {[%clk 1:20:15]}
9. a4 {[%clk 1:25:11]} e5 {[%clk 1:19:35]} 10. Qc2 {[%clk 1:25:28]} Qe7
{[%clk 1:17:24]} 11. Nc4 {[%clk 1:22:33]} Bg4 12. Ne3 {[%clk 1:20:08]} Be6
{[%clk 1:08:37]} 13. Ng5 {[%clk 1:19:06]} Rad8 {[%clk 0:50:43]} 14. Nxe6
{[%clk 1:19:25]} fxe6 {[%clk 0:51:09]} 15. Nc4 {[%clk 1:15:50]} Rf7
{[%clk 0:43:44]} 16. Be3 {[%clk 1:09:08]} Nd7 {[%clk 0:36:41]} 17. Rad1
{[%clk 1:09:12]} Bxe3 {[%clk 0:35:16]} 18. Nxe3 {[%clk 1:09:32]} Rdf8
{[%clk 0:35:40]} 19. Bc4 {[%clk 1:02:26]} Kh8 {[%clk 0:29:28]} 20. Rd2
{[%clk 0:53:40]} Nc5 {[%clk 0:27:14]} 21. Bb5 {[%clk 0:52:47]} Qg5
{[%clk 0:19:24]} 22. Re1 {[%clk 0:34:32]} Ne7 {[%clk 0:10:33]} 23. b4
{[%clk 0:34:49]} Na6 {[%clk 0:10:18]} 24. Bxa6 {[%clk 0:30:07]} bxa6
{[%clk 0:10:47]} 25. b5 {[%clk 0:29:41]} axb5 {[%clk 0:10:53]} 26. axb5
{[%clk 0:30:09]} Ng6 {[%clk 0:11:03]} 27. Kh1 {[%clk 0:23:23]} Nh4
{[%clk 0:07:38]} 28. f3 {[%clk 0:23:05]} Qf4 {[%clk 0:04:13]} 29. Rf2
{[%clk 0:22:07]} Qg5 {[%clk 0:02:08]} 30. c4 {[%clk 0:21:19]} Rd7
{[%clk 0:01:45]} 31. c5 {[%clk 0:21:41]} Qd8 {[%clk 0:01:43]} 32. Ng4
{[%clk 0:21:46]} Ng6 {[%clk 0:02:04]} 33. g3 h5 {[%clk 0:02:28]} 34. Ne3
{[%clk 0:21:40]} Qb8 {[%clk 0:02:06]} 35. Qa4 {[%clk 0:18:36]} Qa7
{[%clk 0:01:54]} 36. b6 {[%clk 0:18:29]} cxb6 {[%clk 0:02:20]} 37. cxb6
{[%clk 0:18:52]} Qb7 {[%clk 0:01:26]} 38. Qxa5 {[%clk 0:19:12]} Rd6
{[%clk 0:00:39]} 39. Nc4 {[%clk 0:18:38]} Rc6 {[%clk 0:00:51]} 40. Nxe5
{[%clk 0:18:39]} Nxe5 {[%clk 0:01:12]} 41. Qxe5 {[%clk 0:19:08]} Qxb6
{[%clk 0:01:34]} 42. Qxh5+ {[%clk 0:19:21]} Kg8 {[%clk 0:02:03]} 43. Kg2
{[%clk 0:19:09]} Rc3 {[%clk 0:01:51]} 44. Qe5 {[%clk 0:17:24]} Rfc8
{[%clk 0:02:02]} 45. Ree2 {[%clk 0:16:08]} Rc1 {[%clk 0:01:24]} 46. Rb2
{[%clk 0:16:18]} Qa6 {[%clk 0:01:04]} 47. Rb8 {[%clk 0:15:30]} Rxb8
{[%clk 0:01:22]} 48. Qxb8+ {[%clk 0:15:58]} Kh7 {[%clk 0:01:45]} 49. Qf4
{[%clk 0:16:08]} Qa1 {[%clk 0:01:43]} 50. Qh4+ {[%clk 0:15:52]} Kg6
{[%clk 0:01:59]} 51. Qg4+ {[%clk 0:16:09]} Kf6 {[%clk 0:02:27]} 52. Qf4+
{[%clk 0:15:18]} Kg6 {[%clk 0:02:35]} 53. Qg4+ {[%clk 0:12:44]} Kf6
{[%clk 0:03:02]} 54. f4 {[%clk 0:12:53]} g6 {[%clk 0:03:15]} 55. Qg5+
{[%clk 0:11:38]} Kf7 {[%clk 0:03:40]} 56. f5 {[%clk 0:09:34]} exf5
{[%clk 0:01:15]} 57. exf5 {[%clk 0:09:56]} Rg1+ {[%clk 0:00:49]} 58. Kh3
{[%clk 0:10:17]} Qh8+ {[%clk 0:01:17]} 59. Qh4 {[%clk 0:09:43]} Qc8
{[%clk 0:01:35]} 60. Qh7+ {[%clk 0:10:03]} 1-0

[Event "TICF 2024"]
[Site "Famalicao"]
[Date "2024.07.27"]
[Round "7.11"]
[White "Jose, Silva"]
[Black "Dias, Ivo"]
[Result "1/2-1/2"]
[BlackElo "2118"]
[WhiteElo "1920"]
[LiveChessVersion "1.4.8"]

1. c4 {[%clk 1:30:57]} e6 {[%clk 1:22:16]} 2. Nc3 {[%clk 1:31:07]} d5
{[%clk 1:22:15]} 3. d4 {[%clk 1:28:12]} Nf6 {[%clk 1:22:09]} 4. Bg5
{[%clk 1:27:37]} a6 {[%clk 1:20:53]} 5. cxd5 {[%clk 1:21:08]} exd5
{[%clk 1:21:15]} 6. e3 {[%clk 1:21:33]} c6 {[%clk 1:13:59]} 7. Nf3
{[%clk 1:20:52]} Be6 {[%clk 1:13:46]} 8. Be2 {[%clk 1:15:33]} Nbd7
{[%clk 1:13:31]} 9. O-O {[%clk 1:14:13]} Bd6 {[%clk 1:13:50]} 10. Qc2
{[%clk 1:14:14]} Qc7 {[%clk 1:13:49]} 11. Rab1 {[%clk 1:13:40]} Ng4
{[%clk 1:03:47]} 12. g3 {[%clk 1:09:47]} f6 {[%clk 0:52:38]} 13. Bf4
{[%clk 1:06:39]} g5 {[%clk 0:48:18]} 1/2-1/2

[Event "TICF 2024"]
[Site "Famalicao"]
[Date "2024.07.27"]
[Round "7.12"]
[White "Andre, Dumont"]
[Black "Galvan Cipriani, Viviana"]
[Result "0-1"]
[BlackElo "2081"]
[WhiteElo "1907"]
[LiveChessVersion "1.4.8"]

1. Nf3 {[%clk 1:30:30]} c5 {[%clk 1:30:33]} 2. e3 {[%clk 1:31:19]} Nc6
{[%clk 1:30:21]} 3. d4 {[%clk 1:31:13]} cxd4 {[%clk 1:30:27]} 4. exd4
{[%clk 1:31:42]} d5 {[%clk 1:30:47]} 5. Be2 {[%clk 1:31:49]} Nf6 {[%clk 1:31:04]}
6. b3 {[%clk 1:32:00]} g6 {[%clk 1:27:50]} 7. Bb2 {[%clk 1:31:56]} Bg7
{[%clk 1:28:13]} 8. O-O {[%clk 1:32:18]} O-O {[%clk 1:28:36]} 9. Nbd2
{[%clk 1:31:21]} Bf5 {[%clk 1:27:31]} 10. Ne5 {[%clk 1:30:06]} Rc8
{[%clk 1:27:36]} 11. c4 {[%clk 1:28:19]} Qa5 {[%clk 1:26:33]} 12. g4
{[%clk 1:20:23]} Be6 {[%clk 1:26:52]} 13. f4 {[%clk 1:20:16]} Rcd8
{[%clk 1:21:00]} 14. f5 {[%clk 1:04:58]} Bc8 {[%clk 1:20:06]} 15. g5
{[%clk 0:59:50]} Ne8 {[%clk 1:20:25]} 16. fxg6 {[%clk 0:59:29]} hxg6
{[%clk 1:20:32]} 17. Nxc6 {[%clk 0:55:28]} bxc6 {[%clk 1:13:40]} 18. Nf3
{[%clk 0:50:24]} dxc4 {[%clk 1:06:47]} 19. Bxc4 {[%clk 0:48:11]} e5
{[%clk 1:06:04]} 20. Qd3 {[%clk 0:48:07]} Bf5 {[%clk 1:06:15]} 21. Qe3
{[%clk 0:48:21]} exd4 {[%clk 0:54:23]} 22. Bxd4 {[%clk 0:48:28]} Nd6
{[%clk 0:53:32]} 23. Bxg7 {[%clk 0:44:43]} Kxg7 {[%clk 0:53:35]} 24. Qe5+
{[%clk 0:40:11]} Qxe5 {[%clk 0:53:06]} 25. Nxe5 {[%clk 0:40:40]} Nxc4
{[%clk 0:53:20]} 26. Nxc4 {[%clk 0:40:57]} Rh8 {[%clk 0:48:15]} 27. Ne3
{[%clk 0:38:27]} Be6 {[%clk 0:48:34]} 28. Rac1 {[%clk 0:35:40]} Rd2
{[%clk 0:47:11]} 29. Rc2 {[%clk 0:34:25]} Rhxh2 {[%clk 0:46:58]} 30. Rxd2
{[%clk 0:33:18]} Rxd2 {[%clk 0:46:55]} 31. Rf2 {[%clk 0:33:39]} Rd3
{[%clk 0:46:36]} 32. Re2 {[%clk 0:33:29]} Kf8 {[%clk 0:46:36]} 33. Kf2
{[%clk 0:33:36]} Ke7 {[%clk 0:46:47]} 34. Rc2 {[%clk 0:33:40]} Kd6
{[%clk 0:45:05]} 35. Ke2 {[%clk 0:33:45]} Rd4 {[%clk 0:45:26]} 36. Rc1
{[%clk 0:32:23]} c5 {[%clk 0:40:17]} 37. Rh1 {[%clk 0:26:57]} Bg4+
{[%clk 0:27:01]} 38. Ke1 {[%clk 0:19:18]} Ke5 {[%clk 0:21:42]} 39. Nc4+
{[%clk 0:17:14]} Ke4 {[%clk 0:21:44]} 40. Nd2+ {[%clk 0:16:40]} Kf5
{[%clk 0:20:31]} 41. Rf1+ {[%clk 0:16:27]} Rf4 {[%clk 0:20:48]} 42. Rxf4+
{[%clk 0:16:54]} Kxf4 {[%clk 0:21:11]} 43. Kf2 {[%clk 0:17:13]} Be6
{[%clk 0:21:01]} 44. Ke2 {[%clk 0:17:01]} Bd5 {[%clk 0:21:22]} 45. Kd3
{[%clk 0:17:13]} Kxg5 {[%clk 0:21:44]} 0-1